Регионална библиотека "Любен Каравелов" - Русе

Предложение от джентълмен (Запис номер 472101)

MARC детайли
000 -Лидер
Контролно поле с фиксирана дължина 01374nam a2200301 a 4500
005 - Дата и час на последна редакция
Контролно поле 20250531112952.0
008 - Елементи от данни с фиксирана дължина
fixed length control field 180411b bul|||||r ||||||| ||bul||
020 ## - Международен стандартен номер на книга ISBN
Международен стандартен номер на книга ISBN 9786191573738
041 ## - Код за език
Код за езика на текст/звукозапис или на отделно заглавие Български
Код за езика КДБФ Български
080 ## - УДК
Текстов определител УДК Американска литература (на САЩ)
УДК код - определител по УДК 821.111(73)
УДК определител -31
УДК - код + определител 821.111(73)-31
100 1# - Редна дума - Автор
Автор Куин, Джулия
Пълна форма на името Потингър, Джули
Дати, свързани с автора 1970 -
R(LIN) 85351
139 ## - Редно поле
Редна дума Куин, Джулия
Авторски знак Ку - К 93
245 10 - Сведения за заглавието
Заглавие Предложение от джентълмен
Подзаглавни данни Роман
Редно поле (дума) Джулия Куин ; прев. Диана Кутева
257 ## - Страна на издаване
Страна на създаване/издаване Съединени американски щати
260 ## - Област на издателските данни
Място на издаване, разпространение и проч. София
Име на издателя, разпространителя и проч. Ибис
Година на издаване 2021
9 (RLIN) 213219
Издателство - префикс ISBN 978-619-157- ; 978-954-9321-
300 ## - Физическа характеристика
Страници 428 с.
Размери/Мащаб 20 см
380 ## - Жанр
Жанр Худож. лит.
490 ## - СЕРИИ (Колекции)
Име на серия Поредица Бриджъртън
№: серия кн. 3
9 (RLIN) 480121
500 ## - Общи забележки
Забележка Ориг. загл.: An offer from a gentleman / Julia Quinn<br/>Джулия Куин - псевд. на авт. Джулия Потингър. - Кн. 3 от поредицата Бриджъртън.
700 1# - Други автори (авторска отговорност)
Лично име Потингър, Джули
Автороска отговорност (Описва отношението между автора и произведението) *
9 (RLIN) 339112
700 1# - Други автори (авторска отговорност)
Лично име Кутева, Диана Янакиева
Дати, свързани с автора 1955 -
9 (RLIN) 85939
852 ## - Местоположение
Форматна сигнатура Цб 313521
Фондова буква Хранилище
852 ## - Местоположение
Фондова буква Заемна - подръчен фонд
Систематично-азбучна сигнатура 821-31/К 93 Д
999 ## - СИСТЕМНИ КОНТРОЛНИ НОМЕРА
Koha biblionumber 472101
Koha biblioitemnumber 472101
942 ## - АРТИКУЛИ
Вид на библиотечния материал Книги
Скрит в OPAC Не
Периодичен библиозапис Да
Koha issues (borrowed), all copies 51
944 ## - СЪЗДАВАНЕ И РЕДАКЦИЯ на ЗАПИСА
Създаване/Редакция Създаване
Дата на регистрацията/редакция 2022-08-27
Статус, дата на статуса Нора Радева
Служител, извършил регистрацията/редакцията 30545
944 ## - СЪЗДАВАНЕ И РЕДАКЦИЯ на ЗАПИСА
Създаване/Редакция Редакция
Дата на регистрацията/редакция 2022-10-19
Служител, извършил регистрацията/редакцията Кети
999 ## - СИСТЕМНИ КОНТРОЛНИ НОМЕРА
Koha biblioitemnumber 472101
Наличности
Код за отписване Код за изгубен артикул Източник на класификационната схема Код за повреда Коз за рестрикции Код за отдаване Артикулен № Име на библиотеката - собственик Име на библиотеката, в която се намира в момента Статус (Текущо местоположение) Дата на вписване в системата Местоположение - отдел Цена в лева Систематично азбучна сигнатура Баркод Цена в евро Служебен тип на артикула Инвентарен номер
  Не е изгубен Universal Decimal Classification Не е повреден само за читалня ползва се в читалня 902362 Регионална библиотека "Любен Каравелов" Русе Регионална библиотека "Любен Каравелов" Русе Хранилище 2022-08-31 Хранилище 16.90 Цб 313521 120000875242 8.64 Книги  
  Не е изгубен Universal Decimal Classification Не е повреден без рестрикции заемане за дома 908686 Регионална библиотека "Любен Каравелов" Русе Регионална библиотека "Любен Каравелов" Русе Заемна - подръчен фонд 2022-10-21 Заемна - подръчен фонд 12.68 821-31/К 93 Д 120000878522 6.48 Книги  
  Не е изгубен Universal Decimal Classification Не е повреден без рестрикции заемане за дома 925621 Регионална библиотека "Любен Каравелов" Русе Регионална библиотека "Любен Каравелов" Русе Заемна - подръчен фонд 2023-03-29 Заемна - подръчен фонд 16.90 821-31/К 93 Д 120000884955 8.64 Книги 120000884955
Vip Innovations Ltd, Rousse, Bulgaria 2025